[Event "PLZEN 2022 – CALLIDITAS OPEN"]
[Site "Plzen (Ceska republika)"]
[Date "2022.08.24"]
[Round "6.11"]
[White "Vlk, Miloslav"]
[Black "Berka, Lubos"]
[Result "0-1"]
[WhiteElo "1971"]
[BlackElo "1678"]
[PlyCount "86"]
[EventDate "2022.08.20"]

1. c4 d6 2. Nc3 e5 3. g3 Nc6 4. Bg2 Be6 5. b3 Nf6 6. Nf3 d5 7. Ng5 d4 8. Nxe6
fxe6 9. Ne4 d3 10. e3 Nb4 11. O-O Nc2 12. Rb1 Ba3 13. Nxf6+ Qxf6 14. Bxb7 Rd8
15. Bc6+ Ke7 16. Be4 h5 17. Bxd3 Bxc1 18. Qxc1 Rxd3 19. Qxc2 Rhd8 20. Rbd1 Qf3
21. Rde1 h4 22. Qd1 Qf5 23. g4 Qe4 24. f3 Qg6 25. Rf2 h3 26. Kh1 Qg5 27. f4 Qh4
28. Kg1 e4 29. g5 Kf7 30. Ree2 Qg4+ 31. Kh1 Rxe3 32. Qf1 Rf3 33. g6+ Kxg6 34.
Qg1 Kf5 35. Qxg4+ Kxg4 36. Kg1 Kxf4 37. Kf1 g5 38. Ke1 Rdd3 39. Rxf3+ Rxf3 40.
Rf2 g4 41. b4 g3 42. Rf1 Rxf1+ 43. Kxf1 gxh2 0-1

[Event "PLZEN 2022 – CALLIDITAS OPEN"]
[Site "Plzen (Ceska republika)"]
[Date "2022.08.24"]
[Round "6.12"]
[White "Diachek, Andriy"]
[Black "Pelikan, David"]
[Result "1/2-1/2"]
[WhiteElo "1516"]
[BlackElo "1997"]
[PlyCount "95"]
[EventDate "2022.08.20"]

1. e4 c6 2. Nc3 d5 3. Nf3 dxe4 4. Nxe4 Nf6 5. Nxf6+ exf6 6. Bc4 Be7 7. O-O O-O
8. d4 b5 9. Bd3 Be6 10. c3 Qd5 11. Qc2 Qh5 12. Bf4 Nd7 13. Rfe1 Rfe8 14. Nd2
Nb6 15. Ne4 Nd5 16. Bd6 Bxd6 17. Nxd6 Re7 18. Ne4 g6 19. a4 Rb8 20. axb5 cxb5
21. Ra5 Kg7 22. Nc5 Nf4 23. Nxe6+ fxe6 24. Bf1 Qd5 25. Qe4 Qxe4 26. Rxe4 Nd5
27. Bxb5 Reb7 28. Bf1 Rxb2 29. Rxa7+ R8b7 30. Rxb7+ Rxb7 31. c4 Nc7 32. g3 Kf7
33. Re1 Rb2 34. Ra1 Ke7 35. Ra7 Kd6 36. c5+ Kd7 37. Bc4 Kc6 38. Bf1 Rb4 39.
Bg2+ Kd7 40. Rb7 Rxd4 41. f4 h5 42. Rb8 Rc4 43. c6+ Ke7 44. Rg8 Rc1+ 45. Kf2
Rc2+ 46. Kf1 Rc1+ 47. Kf2 Rc2+ 48. Kf1 1/2-1/2

[Event "PLZEN 2022 – CALLIDITAS OPEN"]
[Site "Plzen (Ceska republika)"]
[Date "2022.08.24"]
[Round "6.13"]
[White "Koper, Stefan"]
[Black "Mametev, Artem"]
[Result "1/2-1/2"]
[WhiteElo "1823"]
[BlackElo "1920"]
[PlyCount "66"]
[EventDate "2022.08.20"]

1. d4 Nf6 2. c4 g6 3. Nc3 Bg7 4. e4 d6 5. Be2 O-O 6. Nf3 e5 7. d5 a5 8. O-O Na6
9. Ne1 Nc5 10. f3 Nfd7 11. Be3 f5 12. Nd3 b6 13. Nxc5 bxc5 14. exf5 gxf5 15.
Bd3 Nf6 16. Bg5 h6 17. Bh4 Qe8 18. Qc2 Qh5 19. Bf2 e4 20. Be2 Qg5 21. fxe4 fxe4
22. Nxe4 Nxe4 23. Qxe4 Bxb2 24. Be3 Rxf1+ 25. Rxf1 Qxe3+ 26. Qxe3 Bd4 27. Qxd4
cxd4 28. Rf4 Rb8 29. Rxd4 Rb2 30. Re4 Bf5 31. Re8+ Kf7 32. Bh5+ Kf6 33. g4 Bd3
1/2-1/2

[Event "PLZEN 2022 – CALLIDITAS OPEN"]
[Site "Plzen (Ceska republika)"]
[Date "2022.08.24"]
[Round "6.14"]
[White "Hlavac, Rudolf"]
[Black "Hajsman, Ladislav"]
[Result "1-0"]
[WhiteElo "1912"]
[BlackElo "1797"]
[PlyCount "157"]
[EventDate "2022.08.20"]

1. e4 c5 2. Nf3 d6 3. c3 Nf6 4. Be2 Nc6 5. d3 g6 6. O-O Bg7 7. h3 O-O 8. Be3 b6
9. Nbd2 Bb7 10. Nh2 d5 11. f4 d4 12. Bf2 dxc3 13. bxc3 Nd7 14. Qc2 Qc7 15. Be3
Rac8 16. Rad1 h6 17. e5 Rfd8 18. Ne4 Nf8 19. Bg4 Rb8 20. d4 f5 21. exf6 exf6
22. f5 Qe7 23. Bf4 Nxd4 24. Nxf6+ Bxf6 25. cxd4 Bxd4+ 26. Rxd4 cxd4 27. Bxb8
Rxb8 28. Qc4+ Qf7 29. Qxd4 Qd5 30. Qxd5+ Bxd5 31. fxg6 Nxg6 32. a3 Bc4 33. Rf6
Kg7 34. Rc6 b5 35. Rc7+ Kf6 36. Rxa7 Nf4 37. Ra6+ Ke5 38. Bf3 h5 39. Rc6 Rd8
40. a4 Rd2 41. axb5 Bd5 42. Rc8 Rb2 43. Re8+ Kd4 44. Rf8 Nxg2 45. Bxd5 Kxd5 46.
Rf5+ Kd6 47. Nf3 h4 48. Nd4 Ne3 49. Rf2 Rb1+ 50. Kh2 Kc5 51. Nf5 Nd1 52. Rd2
Kxb5 53. Nxh4 Ne3 54. Rd8 Kc6 55. Kg3 Rg1+ 56. Kf2 Rh1 57. Kxe3 Rxh3+ 58. Nf3
Rg3 59. Kf4 Rg2 60. Rd1 Rf2 61. Rd4 Rf1 62. Ke4 Rf2 63. Ne5+ Kc7 64. Kd5 Rc2
65. Nc4 Re2 66. Rg4 Re7 67. Rg6 Rd7+ 68. Kc5 Rh7 69. Rc6+ Kd8 70. Ra6 Rc7+ 71.
Kd5 Rd7+ 72. Nd6 Ke7 73. Ke5 Kf8 74. Kf6 Rd8 75. Nf5 Rb8 76. Rd6 Ra8 77. Rd7
Ra6+ 78. Nd6 Rb6 79. Rd8# 1-0

[Event "PLZEN 2022 – CALLIDITAS OPEN"]
[Site "Plzen (Ceska republika)"]
[Date "2022.08.24"]
[Round "6.15"]
[White "Papay, Jindrich"]
[Black "Zoufaly, Petr"]
[Result "1-0"]
[WhiteElo "1906"]
[BlackElo "1656"]
[PlyCount "55"]
[EventDate "2022.08.20"]

1. f4 d5 2. Nf3 c5 3. g3 Nf6 4. Bg2 e6 5. O-O Be7 6. c3 Bd7 7. d3 Bc6 8. Ne5
O-O 9. Nd2 Qc7 10. Nxc6 Nxc6 11. e4 dxe4 12. dxe4 e5 13. f5 Rfd8 14. Qe2 a6 15.
g4 h6 16. h4 Nh7 17. Nf3 Rd6 18. Be3 b6 19. g5 hxg5 20. hxg5 a5 21. Kf2 Rad8
22. Rh1 Na7 23. Rh2 g6 24. Rah1 Bxg5 25. Rxh7 Bxe3+ 26. Qxe3 gxf5 27. Rh8+ Kg7
28. Qg5+ 1-0

[Event "PLZEN 2022 – CALLIDITAS OPEN"]
[Site "Plzen (Ceska republika)"]
[Date "2022.08.24"]
[Round "6.16"]
[White "Sladek, Jaroslav"]
[Black "Zach, Tomas"]
[Result "1-0"]
[WhiteElo "1875"]
[BlackElo "1600"]
[PlyCount "59"]
[EventDate "2022.08.20"]

1. e4 d6 2. d4 Nf6 3. Nc3 g6 4. Be2 Bg7 5. g4 h6 6. Be3 O-O 7. h4 Nfd7 8. Qd2
Kh7 9. f4 e5 10. h5 exd4 11. hxg6+ fxg6 12. Bxd4 Nf6 13. g5 Ng8 14. Bxg7 Kxg7
15. O-O-O hxg5 16. fxg5 Nc6 17. Nh3 Nge7 18. Nf4 Rh8 19. Ncd5 Nxd5 20. Qxd5 Ne5
21. Qd2 Qg8 22. b3 Be6 23. Rxh8 Kxh8 24. Rh1+ Kg7 25. Qc3 c5 26. Rh6 Kf7 27.
Rxg6 Nxg6 28. Qf6+ Ke8 29. Nxe6 Qf7 30. Bb5+ 1-0

[Event "PLZEN 2022 – CALLIDITAS OPEN"]
[Site "Plzen (Ceska republika)"]
[Date "2022.08.24"]
[Round "6.17"]
[White "Humeniuk, Artur"]
[Black "Andrusevych, Andriy"]
[Result "1-0"]
[WhiteElo "1027"]
[BlackElo "1144"]
[PlyCount "87"]
[EventDate "2022.08.20"]

1. e4 c5 2. Nf3 d6 3. Bb5+ Bd7 4. c4 Bxb5 5. cxb5 Nf6 6. Nc3 e6 7. O-O Be7 8.
d4 O-O 9. dxc5 dxc5 10. Qxd8 Rxd8 11. Bg5 h6 12. Bxf6 Bxf6 13. e5 Be7 14. Rad1
Nd7 15. Rfe1 Nb6 16. Nd2 Nd5 17. a3 Nxc3 18. bxc3 Rd3 19. Ne4 Rad8 20. Rxd3
Rxd3 21. Kf1 b6 22. Ke2 c4 23. a4 Rd5 24. f4 f6 25. exf6 Bxf6 26. Rd1 Kf8 27.
Rxd5 exd5 28. Nxf6 gxf6 29. f5 h5 30. h4 d4 31. cxd4 Ke7 32. Kd2 Kd6 33. Kc3
Kd5 34. g3 Ke4 35. Kxc4 Kxf5 36. Kd5 Kg4 37. Ke6 Kxg3 38. Kxf6 Kxh4 39. d5 Kg3
40. d6 h4 41. d7 h3 42. d8=Q h2 43. Qb8+ Kg2 44. Qxh2+ 1-0

[Event "PLZEN 2022 – CALLIDITAS OPEN"]
[Site "Plzen (Ceska republika)"]
[Date "2022.08.24"]
[Round "6.21"]
[White "Macho, Miloslav"]
[Black "Rehacek, Jan"]
[Result "1-0"]
[WhiteElo "1635"]
[BlackElo "1324"]
[PlyCount "85"]
[EventDate "2022.08.20"]

1. e4 e6 2. d4 d5 3. Nd2 c5 4. Ngf3 cxd4 5. exd5 Qxd5 6. Bc4 Qd8 7. O-O Bc5 8.
Nb3 Bb6 9. Nbxd4 Bxd4 10. Nxd4 Nf6 11. Bg5 O-O 12. c3 Nc6 13. Nxc6 bxc6 14. Qf3
Bb7 15. Bxf6 Qxf6 16. Qxf6 gxf6 17. Rfd1 Rad8 18. f3 c5 19. Kf2 Kh8 20. Ke2 Bd5
21. Bxd5 exd5 22. Kf2 Rfe8 23. Re1 Re6 24. Re2 Rdd6 25. Rd1 Kg7 26. Red2 Re5
27. f4 Rf5 28. Kf3 d4 29. cxd4 c4 30. d5 Rh5 31. g4 Rh3+ 32. Ke4 c3 33. bxc3
Rxc3 34. Rd3 Rc2 35. R1d2 Rc1 36. Kd4 Rf1 37. Kc5 Rd8 38. f5 Rf4 39. Rd4 Rf1
40. d6 Rc1+ 41. Kd5 Re1 42. Ra4 Re5+ 43. Kc6 1-0

[Event "PLZEN 2022 – CALLIDITAS OPEN"]
[Site "Plzen (Ceska republika)"]
[Date "2022.08.24"]
[Round "6.22"]
[White "Karapetsas, Athanasios"]
[Black "Stepanek, Vit"]
[Result "0-1"]
[WhiteElo "1478"]
[BlackElo "1518"]
[PlyCount "56"]
[EventDate "2022.08.20"]

1. d4 Nf6 2. c4 g6 3. Nc3 Bg7 4. e4 d6 5. Nf3 O-O 6. Be2 Nc6 7. O-O e5 8. dxe5
dxe5 9. Qxd8 Rxd8 10. Bg5 Nd4 11. Nxd4 Rxd4 12. Rad1 c6 13. Rxd4 exd4 14. Rd1
c5 15. Nd5 Nxe4 16. Nc7 Rb8 17. Bf4 Bf5 18. f3 Nf6 19. Nb5 Re8 20. Kf2 Bf8 21.
Nd6 Bxd6 22. Bxd6 b6 23. b4 Nd7 24. g4 Be6 25. bxc5 bxc5 26. Rb1 f5 27. Rb7
fxg4 28. fxg4 Nf6 0-1

[Event "PLZEN 2022 – CALLIDITAS OPEN"]
[Site "Plzen (Ceska republika)"]
[Date "2022.08.24"]
[Round "6.23"]
[White "Chudek, Lubomir"]
[Black "Krisman, Ondrej"]
[Result "1-0"]
[WhiteElo "1770"]
[BlackElo "1615"]
[PlyCount "95"]
[EventDate "2022.08.20"]

1. e4 e5 2. Nf3 Nc6 3. Bc4 Bc5 4. c3 Nf6 5. d4 exd4 6. e5 d5 7. Bb5 Ne4 8. cxd4
Bb4+ 9. Bd2 Qe7 10. O-O O-O 11. Bxc6 bxc6 12. a3 Bxd2 13. Nbxd2 Bg4 14. Qc2
Nxd2 15. Nxd2 Qe6 16. Nb3 Bf5 17. Qc3 Qg6 18. Nc5 h5 19. Rae1 h4 20. h3 Qh6 21.
f4 Kh7 22. Qe3 Rg8 23. Kh2 g5 24. fxg5 Rxg5 25. e6 fxe6 26. Nxe6 Bxe6 27. Qxe6
Qxe6 28. Rxe6 Rag8 29. Rf7+ R8g7 30. Rxg7+ Rxg7 31. Rxc6 Rd7 32. g3 hxg3+ 33.
Kxg3 Kg8 34. h4 Rg7+ 35. Kf4 Rh7 36. Kg5 Re7 37. h5 Kf8 38. h6 Re2 39. Rxc7
Rxb2 40. h7 Rg2+ 41. Kf6 Rf2+ 42. Ke6 Rh2 43. Kxd5 Rh5+ 44. Kc4 a6 45. d5 Rh4+
46. Kc5 Rh5 47. h8=Q+ Rxh8 48. Rc8+ 1-0

[Event "PLZEN 2022 – CALLIDITAS OPEN"]
[Site "Plzen (Ceska republika)"]
[Date "2022.08.24"]
[Round "6.25"]
[White "Soutner, Jaroslav"]
[Black "Fakan, Petr"]
[Result "1-0"]
[WhiteElo "1702"]
[BlackElo "1272"]
[PlyCount "33"]
[EventDate "2022.08.20"]

1. e4 Nc6 2. Nf3 d6 3. Bb5 a6 4. Ba4 Bd7 5. d4 Nf6 6. Qe2 e6 7. O-O Be7 8. c4
O-O 9. Nc3 Qe8 10. Bc2 Na7 11. e5 dxe5 12. dxe5 Ng4 13. h3 Nh6 14. Bxh6 gxh6
15. Qe4 f5 16. exf6 Qg6 17. fxe7 1-0

[Event "PLZEN 2022 – CALLIDITAS OPEN"]
[Site "Plzen (Ceska republika)"]
[Date "2022.08.25"]
[Round "7.1"]
[White "Neuman, Petr"]
[Black "Haba, Zdenek"]
[Result "1/2-1/2"]
[WhiteElo "2393"]
[BlackElo "2156"]
[PlyCount "51"]
[EventDate "2022.08.20"]

1. Nf3 f5 2. d3 Nf6 3. g3 g6 4. Bg2 Bg7 5. O-O d6 6. c4 e5 7. Nc3 O-O 8. Rb1 a5
9. a3 c6 10. b4 axb4 11. axb4 h6 12. b5 g5 13. Bb2 Be6 14. Ra1 Nbd7 15. Rxa8
Qxa8 16. Qa1 g4 17. Nh4 d5 18. Ng6 Qxa1 19. Rxa1 Re8 20. bxc6 bxc6 21. cxd5
cxd5 22. d4 exd4 23. Nd1 Ne4 24. Nf4 Bf7 25. f3 Nc3 26. Kf1 1/2-1/2

[Event "PLZEN 2022 – CALLIDITAS OPEN"]
[Site "Plzen (Ceska republika)"]
[Date "2022.08.25"]
[Round "7.2"]
[White "Eret, Matous"]
[Black "Bechynsky, Jan"]
[Result "1-0"]
[WhiteElo "2261"]
[BlackElo "1982"]
[PlyCount "85"]
[EventDate "2022.08.20"]

1. c4 e5 2. e3 Nf6 3. a3 d5 4. cxd5 Nxd5 5. Nf3 Bd6 6. Qc2 Nc6 7. b4 O-O 8. d3
Re8 9. Nbd2 Nb6 10. Bb2 a6 11. Be2 f5 12. h4 h6 13. h5 Be6 14. Nb3 Na4 15. Nc5
Bxc5 16. Qxa4 Bd6 17. Rc1 Bf7 18. Qc2 Rc8 19. g3 Qd7 20. Qc3 Bf8 21. Rd1 Qe6
22. Nh4 Nd4 23. exd4 exd4 24. Qc2 c5 25. b5 c4 26. Bxd4 Qd5 27. O-O Qxd4 28.
dxc4 Qe5 29. Bf3 Rxc4 30. Qxf5 Qxf5 31. Nxf5 axb5 32. Rd3 Ra4 33. Rb1 Bc4 34.
Bd5+ Kh7 35. Bxc4 bxc4 36. Rd7 Re5 37. Rf7 Rxf5 38. Rxf5 Bxa3 39. Rxb7 c3 40.
Rc7 Bb2 41. Rff7 Rg4 42. Kg2 Kg8 43. Rfd7 1-0

[Event "PLZEN 2022 – CALLIDITAS OPEN"]
[Site "Plzen (Ceska republika)"]
[Date "2022.08.25"]
[Round "7.3"]
[White "Flajsman, Pavel"]
[Black "Svejda, Karel"]
[Result "1-0"]
[WhiteElo "2189"]
[BlackElo "1603"]
[PlyCount "55"]
[EventDate "2022.08.20"]

1. e4 e6 2. d4 d5 3. Nc3 Bb4 4. Nge2 dxe4 5. a3 Bxc3+ 6. Nxc3 Nc6 7. Bb5 Bd7 8.
Nxe4 Nge7 9. O-O Nf5 10. c3 Nd6 11. Nxd6+ cxd6 12. d5 Ne5 13. Bxd7+ Qxd7 14. f4
Ng6 15. dxe6 fxe6 16. Qb3 Rf8 17. Be3 b6 18. a4 Rc8 19. Rad1 d5 20. a5 b5 21.
f5 Rxf5 22. Rxf5 exf5 23. Bxa7 Ne7 24. Bf2 Rc4 25. a6 Ra4 26. a7 Qb7 27. Bc5
Re4 28. Ra1 1-0

[Event "PLZEN 2022 – CALLIDITAS OPEN"]
[Site "Plzen (Ceska republika)"]
[Date "2022.08.25"]
[Round "7.4"]
[White "Yagiz, Bora"]
[Black "Langmajer, Jan"]
[Result "0-1"]
[WhiteElo "2154"]
[BlackElo "1871"]
[PlyCount "78"]
[EventDate "2022.08.20"]

1. e4 c6 2. d4 d5 3. Nd2 dxe4 4. Nxe4 Nf6 5. Nxf6+ exf6 6. c3 Bd6 7. Bd3 O-O 8.
Ne2 Re8 9. O-O Nd7 10. Be3 Nf8 11. Qd2 Ng6 12. Nf4 Qc7 13. Nxg6 Bxh2+ 14. Kh1
hxg6 15. g3 Bxg3 16. fxg3 Qxg3 17. Bf4 Qh3+ 18. Kg1 g5 19. Bh2 g4 20. Rfe1 Bd7
21. Bf1 Qh5 22. Qf4 c5 23. Qd6 Bc6 24. dxc5 Red8 25. Qg3 Rd2 26. Re2 Rad8 27.
Rae1 R2d3 28. Re3 Rd2 29. R1e2 Rd1 30. Re1 R1d2 31. R1e2 Rd1 32. Re1 R1d2 33.
c4 Rxb2 34. R3e2 Rbd2 35. Qe3 R2d3 36. Qf4 g3 37. Re8+ Bxe8 38. Bxd3 Qxh2+ 39.
Kf1 g2+ 0-1

[Event "PLZEN 2022 – CALLIDITAS OPEN"]
[Site "Plzen (Ceska republika)"]
[Date "2022.08.25"]
[Round "7.5"]
[White "Egri, Tomas"]
[Black "Turner, Radek"]
[Result "1-0"]
[WhiteElo "1783"]
[BlackElo "2028"]
[PlyCount "99"]
[EventDate "2022.08.20"]

1. e4 e6 2. Nf3 d5 3. Nc3 d4 4. Ne2 c5 5. c3 Nf6 6. cxd4 Nc6 7. dxc5 Nxe4 8. d4
Bxc5 9. dxc5 Qxd1+ 10. Kxd1 Nxf2+ 11. Ke1 Nxh1 12. Bd2 Bd7 13. Bc3 f6 14. Ned4
Nxd4 15. Nxd4 h5 16. Bb5 h4 17. Ke2 h3 18. g4 Ng3+ 19. hxg3 h2 20. Rh1 O-O-O
21. c6 Bxc6 22. Bxc6 bxc6 23. Nxc6 Rd7 24. Nd4 e5 25. Nf5 g6 26. Ne3 Rh3 27.
Nf1 f5 28. gxf5 gxf5 29. Rxh2 Rxh2+ 30. Nxh2 e4 31. Nf1 Rh7 32. Ne3 Rh2+ 33.
Kd1 Rh5 34. Kc2 Kd7 35. Be5 Ke6 36. Bf4 Rh7 37. b4 Rb7 38. Kb3 Rf7 39. a4 Kd7
40. b5 Kc8 41. a5 Kb7 42. Kc4 Rd7 43. Nxf5 Rd1 44. Nd6+ Ka8 45. Nxe4 Ra1 46.
Bd2 Ra4+ 47. Kd5 Ra1 48. Kc6 Ra4 49. Nc5 Rg4 50. Bf4 1-0

[Event "PLZEN 2022 – CALLIDITAS OPEN"]
[Site "Plzen (Ceska republika)"]
[Date "2022.08.25"]
[Round "7.6"]
[White "Berka, Lubos"]
[Black "Bartonicek, Zdenek"]
[Result "1/2-1/2"]
[WhiteElo "1678"]
[BlackElo "1923"]
[PlyCount "120"]
[EventDate "2022.08.20"]

1. e4 e5 2. Nc3 Nf6 3. Bc4 Bc5 4. h3 c6 5. Bb3 O-O 6. Nf3 d5 7. exd5 cxd5 8. d4
exd4 9. Nxd4 Re8+ 10. Nce2 Nc6 11. O-O Ne4 12. Be3 Ne5 13. f3 Nf6 14. Bf2 Nc4
15. Bxc4 dxc4 16. c3 a6 17. Qc2 Nd5 18. Qd2 Qf6 19. Ng3 Qg6 20. Rae1 Bd7 21.
Rxe8+ Rxe8 22. Re1 Rxe1+ 23. Qxe1 Nf4 24. Qe4 Qxe4 25. Nxe4 Nd3 26. Nxc5 Nxc5
27. b3 cxb3 28. axb3 f6 29. h4 Kf7 30. Be3 Be6 31. b4 Nd3 32. g4 g6 33. Kh2 Bd5
34. Kg3 Ne5 35. Bg1 Nc4 36. f4 b6 37. f5 a5 38. bxa5 bxa5 39. fxg6+ hxg6 40. g5
a4 41. Nc2 f5 42. Na3 Nd6 43. Kf4 Ke6 44. Be3 Be4 45. c4 Bd3 46. c5 Ne4 47. c6
Nc3 48. Bc5 Nd5+ 49. Kf3 Ke5 50. Kg3 Ke6 51. Kf2 Ke5 52. Kg2 f4 53. Kf2 Nc7 54.
Bb4 Kd5 55. Bd2 Kxc6 56. Bxf4 Nb5 57. Nxb5 Kxb5 58. Ke1 Kc4 59. Be5 Kb3 60. Kd2
Bb1 1/2-1/2

[Event "PLZEN 2022 – CALLIDITAS OPEN"]
[Site "Plzen (Ceska republika)"]
[Date "2022.08.25"]
[Round "7.7"]
[White "Ondrejat, Miroslav"]
[Black "Kalveus, Jan"]
[Result "1/2-1/2"]
[WhiteElo "1900"]
[BlackElo "1790"]
[PlyCount "49"]
[EventDate "2022.08.20"]

1. e4 e6 2. d4 d5 3. Nc3 Bb4 4. e5 c5 5. a3 Bxc3+ 6. bxc3 Qc7 7. Nf3 Ne7 8. Bd3
Bd7 9. O-O h6 10. a4 Nbc6 11. Ba3 b6 12. dxc5 Nxe5 13. cxb6 Nxf3+ 14. Qxf3 axb6
15. c4 Rxa4 16. cxd5 Nxd5 17. Bb2 Rxa1 18. Rxa1 O-O 19. Qg4 e5 20. Qe4 Nf6 21.
Qxe5 Qxe5 22. Bxe5 Nd5 23. Ra7 Bc6 24. Bd4 Nf4 25. f3 1/2-1/2

[Event "PLZEN 2022 – CALLIDITAS OPEN"]
[Site "Plzen (Ceska republika)"]
[Date "2022.08.25"]
[Round "7.8"]
[White "Pokrupa, Marek"]
[Black "Sladek, Jaroslav"]
[Result "1-0"]
[WhiteElo "2124"]
[BlackElo "1875"]
[PlyCount "49"]
[EventDate "2022.08.20"]

1. c4 e5 2. g3 Nf6 3. Bg2 c6 4. Nf3 e4 5. Nd4 Qb6 6. Nc2 d5 7. cxd5 cxd5 8. Nc3
Bd7 9. O-O Bc6 10. d3 Bb4 11. Nxb4 Qxb4 12. a3 Qe7 13. b4 a6 14. Bf4 Nh5 15.
Be3 Nd7 16. dxe4 dxe4 17. Qd4 f5 18. a4 Ne5 19. b5 Rd8 20. Qa7 Bd5 21. Bb6 O-O
22. Bxd8 Rxd8 23. Nxd5 Rxd5 24. bxa6 Ra5 25. Qb8+ 1-0

[Event "PLZEN 2022 – CALLIDITAS OPEN"]
[Site "Plzen (Ceska republika)"]
[Date "2022.08.25"]
[Round "7.9"]
[White "Humeniuk, Artur"]
[Black "Kriz, Daniel"]
[Result "1/2-1/2"]
[WhiteElo "1027"]
[BlackElo "1999"]
[PlyCount "56"]
[EventDate "2022.08.20"]

1. e4 e5 2. Nf3 Nc6 3. Bc4 Nf6 4. d4 exd4 5. e5 d5 6. Bb5 Ne4 7. Nxd4 Bd7 8.
Bxc6 bxc6 9. Nb3 Be7 10. O-O O-O 11. f3 Nc5 12. Be3 Ne6 13. f4 f5 14. Nc3 Rf7
15. Ne2 Qf8 16. c4 Nc5 17. cxd5 cxd5 18. Qxd5 Be6 19. Qc6 Bxb3 20. axb3 Nxb3
21. Rxa7 Rxa7 22. Bxa7 Bc5+ 23. Bxc5 Qxc5+ 24. Qxc5 Nxc5 25. Rd1 g6 26. Rd5 Ne4
27. Rd8+ Kg7 28. Nd4 c5 1/2-1/2

[Event "PLZEN 2022 – CALLIDITAS OPEN"]
[Site "Plzen (Ceska republika)"]
[Date "2022.08.25"]
[Round "7.10"]
[White "Hodan, Jiri"]
[Black "Hlavac, Rudolf"]
[Result "0-1"]
[WhiteElo "1878"]
[BlackElo "1912"]
[PlyCount "50"]
[EventDate "2022.08.20"]

1. d4 d5 2. c4 dxc4 3. Nc3 a6 4. a4 Nc6 5. e3 e5 6. d5 Na5 7. e4 Nf6 8. Bg5 Bb4
9. Ra2 Qd6 10. Qc2 c6 11. dxc6 Qxc6 12. Bxf6 gxf6 13. Be2 Nb3 14. Kf1 Be6 15.
Nf3 Rc8 16. h3 Rg8 17. Qb1 Ba5 18. Bd1 Qc5 19. Bxb3 cxb3 20. Ra1 Bxc3 21. bxc3
Qxc3 22. Qe1 Bc4+ 23. Kg1 Qxf3 24. Rh2 b2 25. Rd1 Qe2 0-1

[Event "PLZEN 2022 – CALLIDITAS OPEN"]
[Site "Plzen (Ceska republika)"]
[Date "2022.08.25"]
[Round "7.13"]
[White "Pelikan, David"]
[Black "Stepanek, Vit"]
[Result "1-0"]
[WhiteElo "1997"]
[BlackElo "1518"]
[PlyCount "81"]
[EventDate "2022.08.20"]

1. d4 Nf6 2. Nf3 d5 3. c4 c6 4. Nc3 Bf5 5. Qb3 Qb6 6. e3 Qxb3 7. axb3 Nbd7 8.
c5 e6 9. b4 Be7 10. b5 O-O 11. b4 Ne4 12. Bd2 Nxd2 13. Kxd2 Bf6 14. bxc6 bxc6
15. b5 cxb5 16. Bxb5 e5 17. Bxd7 Bxd7 18. Nxd5 Bc6 19. Nxf6+ gxf6 20. Ra6 Bxf3
21. gxf3 Rfd8 22. Kc3 exd4+ 23. exd4 Rd5 24. Kc4 Rad8 25. Rd1 Rh5 26. Rxa7 Rxh2
27. Rd2 h5 28. c6 Kf8 29. d5 Rc8 30. Kc5 Rh1 31. Kd6 h4 32. Re2 Rd8+ 33. Rd7
Rc8 34. c7 Kg7 35. Rd8 Rxc7 36. Kxc7 Rc1+ 37. Kd6 h3 38. Ree8 f5 39. Rh8 Rh1
40. Rdg8+ Kf6 41. Rh6# 1-0

[Event "PLZEN 2022 – CALLIDITAS OPEN"]
[Site "Plzen (Ceska republika)"]
[Date "2022.08.25"]
[Round "7.14"]
[White "Mametev, Artem"]
[Black "Macho, Miloslav"]
[Result "0-1"]
[WhiteElo "1920"]
[BlackElo "1635"]
[PlyCount "70"]
[EventDate "2022.08.20"]

1. e4 Nf6 2. e5 Nd5 3. d4 d6 4. c4 Nb6 5. f4 dxe5 6. fxe5 g6 7. Nc3 c5 8. d5
Bg7 9. Bf4 O-O 10. Qd2 Bd7 11. Nf3 Na4 12. Be2 Nxc3 13. bxc3 Bg4 14. O-O Nd7
15. Rae1 Qa5 16. h3 Bxf3 17. Bxf3 Nb6 18. Be2 Qa4 19. Qd3 Rad8 20. d6 exd6 21.
exd6 Qxa2 22. Ra1 Qb2 23. Bg5 Rd7 24. Bg4 f5 25. Bd2 Rfd8 26. Rfb1 Rxd6 27.
Qxd6 Qxb1+ 28. Rxb1 Rxd6 29. Bf4 Rd7 30. Bf3 Bxc3 31. Bb8 Bd4+ 32. Kh1 Nxc4 33.
Rxb7 Rxb7 34. Bxb7 Ne3 35. Bxa7 Kf7 0-1

[Event "PLZEN 2022 – CALLIDITAS OPEN"]
[Site "Plzen (Ceska republika)"]
[Date "2022.08.25"]
[Round "7.17"]
[White "Mohylnyi, Stepan"]
[Black "Diachek, Andriy"]
[Result "1/2-1/2"]
[WhiteElo "1709"]
[BlackElo "1516"]
[PlyCount "38"]
[EventDate "2022.08.20"]

1. e4 c5 2. Nf3 e6 3. c4 Nc6 4. Nc3 Nf6 5. d4 cxd4 6. Nxd4 Bb4 7. Nxc6 bxc6 8.
Qc2 e5 9. Be2 O-O 10. Bg5 h6 11. Bh4 Qe7 12. O-O Qe6 13. Bxf6 Qxf6 14. a3 Bc5
15. Bg4 Qg5 16. Bh3 d6 17. Bxc8 Raxc8 18. b4 Bd4 19. Rad1 f5 1/2-1/2

[Event "PLZEN 2022 – CALLIDITAS OPEN"]
[Site "Plzen (Ceska republika)"]
[Date "2022.08.25"]
[Round "7.18"]
[White "Zoufaly, Petr"]
[Black "Vlk, Miloslav"]
[Result "0-1"]
[WhiteElo "1656"]
[BlackElo "1971"]
[PlyCount "120"]
[EventDate "2022.08.20"]

1. d4 d5 2. Nf3 Nf6 3. e3 Bf5 4. c4 e6 5. Qb3 Qc8 6. Nc3 c6 7. Be2 Be7 8. cxd5
exd5 9. Bd2 O-O 10. Nh4 Be6 11. O-O Ne4 12. Nf3 Nd7 13. Rad1 Ndf6 14. Bc1 Re8
15. Nd2 Bf5 16. Ncxe4 Nxe4 17. f3 Nxd2 18. Bxd2 Bf6 19. Bd3 Re7 20. Qc2 Bxd3
21. Qxd3 Qd7 22. Bc1 Rae8 23. Rf2 Re6 24. b3 Qe7 25. Re2 g6 26. Rde1 Bh4 27.
Rf1 f5 28. g3 Bf6 29. Rfe1 Kg7 30. Rg2 Qb4 31. Bd2 Qa3 32. Bc1 Qa5 33. Rge2 a6
34. Kf1 h5 35. Rc2 h4 36. Ree2 Rh8 37. Rg2 h3 38. Rge2 Rhe8 39. Bd2 Qb6 40. Qc3
Bxd4 41. exd4 Rxe2 42. Bh6+ Kxh6 43. Rxe2 Qb5 44. Qd2+ g5 45. Kf2 Rxe2+ 46.
Qxe2 Qxe2+ 47. Kxe2 Kg6 48. Kd3 Kf6 49. Kc3 Ke6 50. b4 Kd6 51. a3 b6 52. Kb3 c5
53. Kc3 Kc6 54. a4 cxb4+ 55. Kxb4 a5+ 56. Kc3 b5 57. Kb3 bxa4+ 58. Kxa4 Kb6 59.
Ka3 Kb5 60. Kb3 a4+ 0-1

[Event "PLZEN 2022 – CALLIDITAS OPEN"]
[Site "Plzen (Ceska republika)"]
[Date "2022.08.25"]
[Round "7.19"]
[White "Hosnedl, Jiri"]
[Black "Soutner, Jaroslav"]
[Result "1-0"]
[WhiteElo "1860"]
[BlackElo "1702"]
[PlyCount "65"]
[EventDate "2022.08.20"]

1. d4 Nf6 2. c4 e6 3. Nc3 Bb4 4. Qc2 O-O 5. Bg5 d5 6. cxd5 exd5 7. e3 c6 8. Bd3
h6 9. Bh4 Nbd7 10. Nge2 Re8 11. O-O Nf8 12. Rae1 Bg4 13. f3 Bh5 14. Nf4 g5 15.
Nxh5 Nxh5 16. Bf2 Re7 17. g3 Qc7 18. a3 Bxc3 19. bxc3 b5 20. e4 dxe4 21. fxe4
Rae8 22. Be3 Qd6 23. e5 Qc7 24. Qe2 Ng7 25. Rf6 Re6 26. Ref1 R8e7 27. h4 Nd7
28. hxg5 Nxe5 29. Bf4 Nxd3 30. Qxd3 Re3 31. Qxe3 Rxe3 32. Bxc7 hxg5 33. Be5 1-0

[Event "PLZEN 2022 – CALLIDITAS OPEN"]
[Site "Plzen (Ceska republika)"]
[Date "2022.08.25"]
[Round "7.20"]
[White "Hajsman, Ladislav"]
[Black "Kalista, Karel"]
[Result "0-1"]
[WhiteElo "1797"]
[BlackElo "1643"]
[PlyCount "80"]
[EventDate "2022.08.20"]

1. d4 d5 2. c4 e6 3. Nc3 Nf6 4. Bg5 Be7 5. e3 O-O 6. Nf3 b6 7. Rc1 Bb7 8. Bd3
dxc4 9. Bxc4 Ne4 10. Bxe7 Qxe7 11. O-O Nd7 12. Nxe4 Bxe4 13. Nd2 Bb7 14. f3 c5
15. dxc5 Nxc5 16. Qe2 Rad8 17. Rfd1 Bd5 18. e4 Bb7 19. b4 Nd7 20. a3 Ne5 21.
Bb5 h6 22. f4 Ng6 23. g3 Rd4 24. e5 Qd8 25. Nb3 Rd5 26. Bc4 Rxd1+ 27. Rxd1 Qc7
28. Nd4 Ne7 29. Kf2 Rc8 30. Ba6 Nd5 31. Bxb7 Nc3 32. Nb5 Nxd1+ 33. Qxd1 Qxb7
34. Nd6 Qd7 35. Qb3 Rc1 36. f5 exf5 37. Qd5 Qe6 38. Qa8+ Kh7 39. Qb7 Qa2+ 40.
Ke3 Rc3+ 0-1